00357 a2200145 450000100060000002000150000604000240002110000200004524000480006524500430011330000070015636200090016344000080017265000310018069563 a8532201342 cAnchieta - Itaigara aBandeira, Pedro10aA menor fazedora de mágicas do mundolpor10aA menor fazedora de mágicas do mundo a230 a1998 1aFTD 4aLiteratura infanto-juvenil